Statistics for Top 100 Grossing Restaurant Chains

Click here to take the quiz!

General Stats

  • This quiz has been taken 4,508 times
    (4,453 since last reset)
  • The average score is 34 of 100

Answer Stats

HintAnswer% Correct
SandwichMcDonalds
97%
SandwichSubway
94%
SandwichBurger King
92%
PizzaPizza Hut
92%
ChickenKFC
89%
Sandwich (Mexican)Taco Bell
89%
SandwichWendy's
84%
PizzaDomino's
83%
Beverage-SnackStarbucks Coffee
82%
PizzaPapa John's
70%
ChickenChick-fil-A
67%
Beverage-SnackDunkin' Donuts
67%
Casual DiningOlive Garden
64%
ChickenPopeyes
63%
Sandwich (Mexican)Chipotle
61%
Convenience Store7-Eleven
60%
SandwichIn-N-Out Burger
60%
SandwichArby's
58%
ChinesePanda Express
56%
Casual DiningApplebee's
55%
Bakery-CafePanera Bread
52%
PizzaLittle Caesar's
50%
SandwichDairy Queen
49%
Casual DiningRed Lobster
49%
Casual DiningChili's
45%
FamilyDenny's
43%
SandwichSonic
43%
FishLong John Silver's
42%
SandwichFive Guys
41%
SandwichHardee's
41%
Theme ParkDisney
40%
FamilyIHOP
40%
Casual DiningOutback
40%
HotelHilton
39%
SandwichQuiznos
38%
SandwichJimmy John's
37%
SandwichWhite Castle
37%
SandwichJack In the Box
36%
Casual DiningT.G.I. Friday's
36%
Beverage-SnackBaskin-Robbins
33%
Beverage-SnackKrispy Kreme
32%
SandwichCarl's Jr.
31%
HotelMarriott
31%
BuffetGolden Corral
30%
Casual DiningRed Robin
30%
SandwichWhataburger
30%
ChickenChurch's Chicken
29%
Sandwich (Mexican)Del Taco
29%
HotelHoliday Inn
29%
Sandwich (Mexican)Qdoba
29%
Casual DiningThe Cheesecake Factory
27%
Casual DiningRuby Tuesday
26%
Casual DiningTexas Roadhouse
26%
Bakery-CafeTim Hortons
26%
Casual DiningBuffalo Wild Wings
25%
FamilyCracker Barrel
25%
FamilyWaffle House
25%
ChickenZaxby's
23%
SandwichCheckers
22%
PizzaChuck E. Cheese's
22%
Pizza/ItalianSbarro
22%
Casual DiningLongHorn Steakhouse
21%
Casual DiningP.F. Chang's
21%
SandwichCulver's
20%
ChickenBojangles'
19%
Beverage-SnackJamba Juice
19%
ChickenBoston Market
18%
PizzaPapa Murphy's
18%
Casual DiningHooters
17%
FamilySteak n Shake
17%
Convenience StoreWawa
17%
PizzaCiCi's
16%
FamilyBob Evans
14%
FishCaptain D's
14%
ChickenEl Pollo Loco
14%
FamilyFriendly's
14%
FamilyPerkins
14%
Casual DiningCarrabba's
13%
HotelHyatt
13%
In-StoreTarget
13%
Casual DiningCalifornia Pizza Kitchen
12%
Convenience StoreCircle K
12%
In-StoreCostco
12%
Convenience StoreSheetz
11%
Casual DiningRomano's Macaroni Grill
10%
HotelSheraton
10%
FamilyBig Boy
9%
Casual DiningCheddar's
9%
Bakery-CafeEinstein Bros. Bagels
9%
SandwichJason's Deli
9%
Casual DiningO'Charley's
9%
Casual DiningBJ's Restaurant
8%
Casual DiningBonefish Grill
8%
SandwichKrystal
8%
Casual DiningLogan's Roadhouse
8%
Casual DiningOn the Border
7%
Convenience StoreCasey's General Stores
6%
Casual DiningFamous Dave's
6%
Casual DiningRuth's Chris
6%
HotelWestin
5%

Score Distribution

Percentile by Number Answered

Percent of People with Each Score

Your Score History

You have not taken this quiz since the last reset